[Event "Blackpool op 43rd"]
[Site "Blackpool"]
[Date "2019.03.09"]
[Round "3"]
[White "Hamer, Martyn"]
[Black "Walker, Nicholas A"]
[Result "0-1"]
[WhiteElo "2064"]
[BlackElo "1976"]
[PlyCount "62"]
[EventDate "2019.03.08"]
[EventType "swiss"]
[EventRounds "5"]
[EventCountry "ENG"]
[SourceTitle "CBM 189 Extra"]
[Source "ChessBase"]
[SourceDate "2019.05.31"]
[SourceVersion "1"]
[SourceVersionDate "2019.05.31"]
[SourceQuality "1"]

1. d4 d5 2. c4 Bf5 3. Nc3 e6 4. Nf3 Nf6 5. Bf4 Bd6 6. Bg3 Bxg3 7. hxg3 c6 8. Nh4 dxc4 9. Nxf5 exf5 10. e3 b5 11. Qc2 g6 12. Be2 Nbd7 13. Bf3 Rc8 14. 0-0 a6 15. a4 Qb6 16. d5 cxd5 17. Nxd5 Nxd5 18. Bxd5 0-0 19. axb5 axb5 20. Ra3 b4 21. Raa1 Qc5 22. Bf3 Ne5 23. Be2 Rfd8 24. Rfd1 Rxd1+ 25. Rxd1 c3 26. bxc3 bxc3 27. Rc1 Qa3 28. Kf1 Rc5 29. Ke1 Nc6 30. Bd1 Nb4 31. Qb1 Qxc1 0-1

[Event "West Bromwich 4NCL op-A 9th"]
[Site "West Bromwich"]
[Date "2016.07.10"]
[Round "4"]
[White "Walker, Nicholas A"]
[Black "Dilleigh, Stephen P"]
[Result "1-0"]
[WhiteElo "1931"]
[BlackElo "2053"]
[PlyCount "71"]
[EventDate "2016.07.08"]
[EventType "swiss"]
[EventRounds "5"]
[EventCountry "ENG"]
[SourceTitle "CBM 173 Extra"]
[Source "ChessBase"]
[SourceDate "2016.08.29"]
[SourceVersion "1"]
[SourceVersionDate "2016.08.29"]
[SourceQuality "1"]

1. e4 e6 2. d4 d5 3. Nc3 Nf6 4. Bg5 dxe4 5. Nxe4 Nbd7 6. Nf3 h6 7. Nxf6+ Nxf6 8. Be3 Bd6 9. Bd3 0-0 10. h3 b6 11. Qe2 Bb7 12. 0-0-0 Qe7 13. Kb1 c5 14. Rhe1 Rac8 15. c3 Qc7 16. g4 c4 17. Bc2 Nd5 18. h4 Nf4 19. Bxf4 Bxf4 20. g5 Bd5 21. gxh6 Bxh6 22. Ne5 Qe7 23. Qh5 Qf6 24. Rg1 Kh8 25. Rg3 Qf4 26. Rdg1 Be4 27. Bxe4 Qxe4+ 28. Ka1 Qf5 29. Rg5 Qh7 30. Nxf7+ Rxf7 31. Qxf7 Bxg5 32. Rxg5 g6 33. Qf6+ Qg7 34. Rxg6 Qxf6 35. Rxf6 Rg8 36. a4 1-0

[Event "Birmingham 4NCL op-B 7th"]
[Site "Birmingham"]
[Date "2016.01.31"]
[Round "4"]
[White "Bennett, Eric"]
[Black "Walker, Nicholas A"]
[Result "0-1"]
[WhiteElo "1964"]
[BlackElo "1861"]
[PlyCount "64"]
[EventDate "2016.01.29"]
[EventType "swiss"]
[EventRounds "5"]
[EventCountry "ENG"]
[SourceTitle "CBM 170 Extra"]
[Source "ChessBase"]
[SourceDate "2016.02.25"]
[SourceVersion "1"]
[SourceVersionDate "2016.02.25"]
[SourceQuality "1"]

1. d4 d5 2. Nf3 Nf6 3. Bg5 e6 4. e3 Be7 5. Bd3 b6 6. Qe2 Bb7 7. Nbd2 Nbd7 8. 0-0 Ne4 9. Bf4 g5 10. Bg3 h5 11. h3 Nf8 12. Bxe4 dxe4 13. Ne1 Qd7 14. c4 Ng6 15. f3 exf3 16. Nexf3 f6 17. Qd3 Rg8 18. Rfd1 0-0-0 19. a3 g4 20. hxg4 hxg4 21. Nh2 f5 22. Ndf1 Be4 23. Qe2 Nh4 24. Bxh4 Bxh4 25. g3 Bf6 26. Nd2 Bb7 27. Rdc1 Bxd4 28. Ndf1 Be5 29. c5 Qd5 30. Rc2 Qh1+ 31. Kf2 Rh8 32. Ke1 Bxg3+ 0-1

[Event "Birmingham 4NCL op-B 1st"]
[Site "Birmingham"]
[Date "2015.02.01"]
[Round "5"]
[White "Walker, Nicholas A"]
[Black "Lawson, Maurice Elliot"]
[Result "1/2-1/2"]
[WhiteElo "1967"]
[BlackElo "1949"]
[PlyCount "106"]
[EventDate "2015.01.30"]
[EventType "swiss"]
[EventRounds "5"]
[EventCountry "ENG"]
[SourceTitle "EXT 2023"]
[Source "ChessBase"]
[SourceDate "2022.10.05"]
[SourceVersion "1"]
[SourceVersionDate "2022.10.05"]
[SourceQuality "1"]

1. e4 c6 2. d4 d5 3. exd5 cxd5 4. Bd3 Nc6 5. c3 Qc7 6. Ne2 Bg4 7. f3 Bd7 8. Bf4 e5 9. dxe5 Nxe5 10. 0-0 Bd6 11. Bxe5 Bxe5 12. f4 Bf6 13. Nd2 Ne7 14. Nb3 0-0 15. Qc2 g6 16. Nbd4 Rae8 17. Rf2 Nc6 18. Nxc6 bxc6 19. f5 Qe5 20. g4 Bg5 21. Kf1 c5 22. b3 Be3 23. Rg2 Bc6 24. Rg3 d4 25. cxd4 Bxd4 26. Rd1 Qd5 27. Nxd4 cxd4 28. Qf2 Re3 29. Be2 Rxg3 30. hxg3 Rd8 31. Bc4 Qh1+ 32. Ke2 Qe4+ 33. Kd2 gxf5 34. gxf5 Re8 35. Re1 Qxe1+ 36. Qxe1 Rxe1 37. Kxe1 Kg7 38. Kd2 Kf6 39. Kd3 Ke5 40. Bxf7 Be4+ 41. Kd2 Kxf5 42. Bh5 Kg5 43. Be2 h5 44. b4 h4 45. gxh4+ Kxh4 46. a4 Kg5 47. b5 Kf6 48. a5 Ke5 49. Bd3 Bxd3 50. Kxd3 Kd5 51. b6 axb6 52. axb6 Kc6 53. Kxd4 Kxb6 1/2-1/2

[Event "Birmingham 4NCL op-B 1st"]
[Site "Birmingham"]
[Date "2015.01.30"]
[Round "1"]
[White "Walker, Nicholas A"]
[Black "Szymanski, Mark"]
[Result "1/2-1/2"]
[WhiteElo "1967"]
[BlackElo "1839"]
[PlyCount "108"]
[EventDate "2015.01.30"]
[EventType "swiss"]
[EventRounds "5"]
[EventCountry "ENG"]
[SourceTitle "EXT 2023"]
[Source "ChessBase"]
[SourceDate "2022.10.05"]
[SourceVersion "1"]
[SourceVersionDate "2022.10.05"]
[SourceQuality "1"]

1. e4 c6 2. d4 d5 3. exd5 cxd5 4. Bd3 Nc6 5. c3 Qc7 6. Ne2 Bg4 7. f3 Bh5 8. Bf4 Qd7 9. Nd2 Nf6 10. Nb3 e6 11. 0-0 Bd6 12. Qd2 0-0 13. Bxd6 Qxd6 14. Nf4 Bg6 15. Nxg6 hxg6 16. Rae1 a6 17. f4 b5 18. Qf2 b4 19. Qh4 Ne7 20. Re3 Rfc8 21. Bb1 bxc3 22. bxc3 Qa3 23. Nc5 Rc7 24. g4 Rac8 25. Rh3 Kf8 26. f5 Rxc5 27. dxc5 Qxc5+ 28. Kg2 d4 29. cxd4 Qxd4 30. fxg6 Rc1 31. Rxc1 Qd2+ 32. Qf2 Qxc1 33. Rb3 fxg6 34. h3 Qc6+ 35. Qf3 Qxf3+ 36. Kxf3 Nfd5 37. Be4 Kf7 38. Bxd5 Nxd5 39. Rb7+ Kf6 40. Ra7 g5 41. Rxa6 Nf4 42. h4 Nd5 43. hxg5+ Ke5 44. Ra5 Kd4 45. Rxd5+ exd5 46. a4 Kc3 47. a5 d4 48. a6 d3 49. a7 d2 50. a8Q d1Q+ 51. Kg3 Qg1+ 52. Qg2 Qxg2+ 53. Kxg2 g6 54. Kf3 Kd3 1/2-1/2